| 000 | 00779nam a2200121Ia 4500 | ||
|---|---|---|---|
| 008 | 220615s9999||||xx |||||||||||||| ||und|| | ||
| 100 | _aSchultheis, Franz||Single, Erwin||Köfeler, Raphaela||Mazzurana, Thomas | ||
| 245 | 0 |
_aArt Unlimited? _bDynamics and Paradoxes of a Globalizing Art World |
|
| 546 | _aEnglish[eng] | ||
| 650 | _asociology of art||sociology||globalization||theory of art||art market||art||ethnography||china||Art Basel||Auction||Chinese art||Contemporary art||Hong Kong||Race and ethnicity in the United States Census||Shanghai | ||
| 856 | _uhttps://library.oapen.org/bitstream/20.500.12657/32383/1/611313.pdf||https://library.oapen.org/bitstream/20.500.12657/32383/1/611313.pdf||https://library.oapen.org/bitstream/20.500.12657/32383/1/611313.pdf | ||
| 942 | _cEB | ||
| 999 |
_c9210 _d9210 |
||